000 01101nam a2200265Ia 4500
003 IN-BaIIA
008 211028s9999 xx 000 0 eng d
020 _a0-937707-35-X
040 _cIIA Library
080 _a082.2:52
_bASP-16
111 _aHaystack Observatory Conference on Atoms, Ions, and Molecules
_n3rd
_cUSA
_d1990 May 23-25
_917671
245 0 _aSkylines
_bproceedings of the Third Haystack Observatory Conference on atoms, ions, and molecules : new results in spectral line astrophysics, Westford Massachsetts, USA, May 23-25, 1990
_cedited by Aubrey D. Haschick and Paul T. P Ho .
260 _aSan Francisco
_bAstronomical Society of the Pacific
_c1991
300 _axiii, 474p.
490 _aASP conference series; v. 16
650 _aAstronomy and Astrophysics Thesaurus
650 _aAstrophysics
_9794
650 _aAtoms
_91137
650 _aIons
_917672
650 _aSpectral lines
700 _aHaschick, Aubrey D., ed.
_917673
700 _aHo, Paul T. P.,ed.
_917674
710 _aHaystack Observatory
_917675
942 _cBK
999 _c10399
_d10399